Иностранные языки в школе (Запис № 286853)

МАРК-запис
000 -Лідер
fixed length control field 00844cas a22002537a 4500
001 - Контрольний номер
control field 39315
003 - Ідентифікатор контрольного номера
control field UA-OsUOA
005 - Дата та час останнього входження (трансакції)
control field 20210324123744.0
007 - Фіксоване поле фізичного опису
fixed length control field ta
008 - Елементи даних фіксованої довжини – загальна інформація
fixed length control field 20060614b un ||ru ||p| 00| 0 ukrcdrus d
022 ## - Міжнародний стандартний серіальний номер (ISSN)
Міжнародний стандартний серіальний номер (ISSN) 01306073
040 ## - Джерело каталогізації
Агенція оригінальної каталогізації UA-OsUOA
Мова каталогізації rus
Агенція, яка здійснювала перезапис UA-OsUOA
Агенція, яка здійснювала модифікацію UA-OsUOA
041 ## - Код мови
Код мови тексту/ звукової доріжки чи окремого заголовка (П) rus
044 ## - Код країни видавця/ виробника
Код країни видавця/ виробника (П) RU
080 ## - Індекс Універсальної десяткової класифікації
Індекс Універсальної десяткової класифікації (УДК) (НП) 81
090 ## - Локальний шифр розміщення
Класифікаційний індекс УДК 81
Авторський знак (НП) И67
099 ## - Місцевий розмір звичайного тексту (OCLC)
Передплатний індекс 73181
110 ## - Наймення організації – загальна інформація
Найменування колективу або юрисдикції як початковий елемент введення Учредители : Министерство образования Российской Федерации
245 ## - Відомості про назву
Назва (НП) Иностранные языки в школе
Решта назви (НП) научно-методический журнал
Дані про відповідальність (НП) глав. ред. Каменецкая
260 ## - Публікація, розповсюдження і т.п. (Вихідні дані)
Місце публікації, розповсюдження і т.п. (П) М.
650 #7 - Додаткове предметне введення – тематичний термін
Тематичний термін чи географічна назва, як елемент введення (НП) 81 Мовознавство. Художня література. Літературознавство
Джерело заголовка чи терміна UDC
942 ## - Додаткові елементи входу (Коха)
Тип елемента Koha Журнал
Source of classification or shelving scheme Universal Decimal Classification
955 ## - Код типу видання за змістом
Код типу видання за змістом (НП) Навчальні видання

Немає доступних примірників.